| 000 | 00713nam a2200241 i 4500 | ||
|---|---|---|---|
| 001 | bg | ||
| 100 | 1 | _aTAN, Seng C. | |
| 245 | 1 | 0 |
_aStress concentrations in laminated composites / _cSeng C. Tan. |
| 260 |
_aLancaster ; Basel : _bTechnomic, _c1994. |
||
| 300 |
_aXII, 470 s. : _brys., wykr. ; _c23 cm. |
||
| 504 | _aBibliogr.przy rozdz. - Indeks. | ||
| 650 | 9 |
_aKompozyty _xbadanie _xmetody |
|
| 650 | 9 |
_aLaminaty _xbadanie _xmetody |
|
| 650 | 9 | _aNaprężenia i odkształcenia | |
| 650 | 9 |
_aModele matematyczne _xstosowanie |
|
| 020 | _a1566760771 | ||
| 040 | _cBPK | ||
| 041 | 0 | _aen | |
| 080 | _a620.1:539.3/.6:51 | ||
| 920 | _a1-56676-077-1 | ||
| 942 | _cKS | ||
| 008 | s pl f |000 0 pol | ||
| 999 |
_c30619 _d30619 |
||
| 856 |
_uhttp://koha.tu.koszalin.pl/cgi-bin/koha/opac-detail.pl?biblionumber=30619 _yKatalog online BPK |
||